000
00284nam a2200109Ia 4500
008
171205s9999 xx 000 0 und d
020
_a
9789718342442
100
_a
Graham, Jack.
245
_c
Jack Graham
_a
Are you Fit for Life?
260
_b
Crossway Books
_c
2007
300
_a
170 pages
999
_c
347350
_d
347350